దేవుడి భ్రమలో / (Record no. 25321)
[ view plain ]
| 000 -LEADER | |
|---|---|
| fixed length control field | 01288nam a22002657a 4500 |
| 005 - DATE AND TIME OF LATEST TRANSACTION | |
| control field | 20090318102023.0 |
| 008 - FIXED-LENGTH DATA ELEMENTS--GENERAL INFORMATION | |
| fixed length control field | 090212t xxu||||| |||| 00| 0 eng d |
| 010 ## - LCCN (DPL NO) | |
| LC control number | TEL-5044 |
| 020 ## - INTERNATIONAL STANDARD BOOK NUMBER | |
| Terms of availability | 200.00 |
| International Standard Book Number | 8182940354 |
| 035 ## - SYSTEM CONTROL NUMBER | |
| System control number | TL-4050 |
| 037 ## - SOURCE OF ACQUISITION | |
| Source of stock number/acquisition | DBAD / PUB |
| 040 ## - CATALOGING SOURCE | |
| Original cataloging agency | dpl |
| Language of cataloging | Telugu |
| 082 ## - DEWEY DECIMAL CLASSIFICATION NUMBER | |
| Classification number | 211.8 |
| 100 ## - MAIN ENTRY--PERSONAL NAME | |
| Personal name | డాకిన్స్, రిచర్డ్ |
| 245 ## - TITLE STATEMENT | |
| Title | దేవుడి భ్రమలో / |
| Statement of responsibility, etc | రిచర్డ్ డాకిన్స్; తెలుగు అనువాదం నరిశెట్టి ఇన్నయ్య |
| 246 ## - VARYING FORM OF TITLE | |
| Title proper/short title | Devudi bramalo |
| Remainder of title | Richard Dawkins |
| 260 ## - PUBLICATION, DISTRIBUTION, ETC. (IMPRINT) | |
| Place of publication, distribution, etc | విజయవాడ |
| Name of publisher, distributor, etc | అలకనంద ప్రచురణలు |
| Date of publication, distribution, etc | 2008 |
| 270 ## - ADDRESS | |
| Address | 59-6-15, కంచుకోట వీధి, మేరిస్ స్టెల్లా కాలేజి ఎదురుగా, |
| City | విజయవాడ |
| Postal code | 520 008 |
| 300 ## - PHYSICAL DESCRIPTION | |
| Extent | 323పే. |
| Dimensions | 23 సె.మీ. |
| 650 ## - SUBJECT ADDED ENTRY--TOPICAL TERM | |
| General subdivision | నాస్తి కత్వము |
| 650 ## - SUBJECT ADDED ENTRY--TOPICAL TERM | |
| Topical term or geographic name as entry element | Atheism |
| 700 ## - ADDED ENTRY--PERSONAL NAME | |
| Personal name | ఇన్నయ్య, నరిశెట్టి |
| 942 ## - ADDED ENTRY ELEMENTS (KOHA) | |
| Source of classification or shelving scheme | Dewey Decimal Classification |
| Item type | Telugu |
| Classification part | 211.8 |
| Call number suffix | / DAW |
| Withdrawn status | Lost status | Source of classification or shelving scheme | Damaged status | Not for loan | Collection code | Home library | Current library | Date acquired | Cost, normal purchase price | Total Checkouts | Full call number | Barcode | Date last seen | Cost, replacement price | Koha item type |
|---|---|---|---|---|---|---|---|---|---|---|---|---|---|---|---|
| Dewey Decimal Classification | Non-fiction | D.B.Act.Division | D.B.Act.Division | 18/03/2009 | 200.00 | 211.8 / DAW | TL-4050 | 18/03/2009 | 200.00 | Telugu |
